City Chain #8 - Statistics

General Stats
  • This quiz has been taken 55 times
  • The average score is 12 of 18
Answer Stats
Hint Answer % Correct
Capital and most populous city of Finland Helsinki
100%
JFK spoke the famous words: "Ich bin ein ...er" Berlin
92%
Borthernmost city in the United Kingdom located in the Scottish Highlands. Inverness
92%
Capital in Oceania that was named after Duke Arthur Wellesley, victor of the Battle of Waterloo Wellington
87%
Saudi Arabian city with an important Red Sea port Jeddah
83%
City in Colombia where Pablo Escobar lived Medellín
81%
Capital of East Timor Dili
77%
City that can be found in the North of England, in the East of Australia and in the South of Africa Newcastle
75%
German city in the Ruhr region which is translated from German to English as 'to eat' Essen
70%
Capital of Botswana Gaborone
64%
Chinese city that served as the capital of various Chinese dynasties, kingdoms and republican governments dating from the 3rd century to 1949 Nanjing
62%
Largest city on the Crimean peninsula Sevastopol
60%
Modern capital of Myanmar (Burma) Naypyidaw
58%
Portion of the capital of Palestine that was captured and occupied in 1967 and unilaterally annexed by Israel in 1980 East Jerusalem
40%
Second most-populous city in the Democratic Republic of the Congo, known under colonial rule as Elisabethville Lubumbashi
38%
Capital of the island of Aruba, named after the Dutch royal family Oranjestad
36%
City in Japan, most famous for the namesake manga series about a young ninja Naruto
19%
Syrian city located near the border with Turkey from where the first offensive took place that lead to the fall of the Assad regime Idlib
17%
No matching quizzes found
Score Distribution
Percent of People with Each Score
Percentile by Number Answered
Your Score History
You have not taken this quiz